| 000 | 00448cam a22001577a 4500 | ||
|---|---|---|---|
| 008 | 180718b2013 xxu||||| |||| 00| 0 eng d | ||
| 020 | _a9788184842197 | ||
| 082 | _aB3 K96p | ||
| 100 | _aKumar, Manoj | ||
| 245 |
_aPublic administration:new challenges _cby Manoj Kumar and Chandrika Singh |
||
| 260 |
_aNew Delhi _bRegal _c2013 |
||
| 300 | _a265p. | ||
| 650 | _aPublic management | ||
| 650 | _aGlobal challenges | ||
| 650 | _aPublic administration | ||
| 999 |
_c443212 _d443212 |
||